00418 2200169 4500001002100000005001500021008004100036020002000077035001900097041000700116082001000123090001600133100002000149245002600169260001900195300003400214INLIS00000000000079920220725115849220725||||||||| | ||| |||| || |  a978-979-3483-80 0010-0722000799 aid0 a635.9 a635.9 Ari b0 aARIYANTORO,hadi00aBudidaya Tanaman Hias aSemarangc2006 aiv,.p,.;Pig,.;44,.;Bil,.24 Cm